OECD economic outlook 86 november 2009

Gespeichert in:
Bibliographische Detailangaben
Format: Buch
Sprache:Englisch
Veröffentlicht: Paris OECD 2009
Schlagworte:
Tags: Tag hinzufügen
Keine Tags, Fügen Sie das erste Tag hinzu!

MARC

LEADER 00000nam$a2200000$$$4500
001 0110904
005 20240315121010.8
020 |a 978-92-64-05460-8 
041 0 |a eng 
044 |a FR 
245 1 0 |a OECD economic outlook 86  |b november 2009 
264 1 |a Paris  |b OECD  |c 2009 
300 |a 334 s. 
610 2 0 |a situácia hospodárska 
610 2 0 |a rast hospodársky 
610 2 0 |a kríza hospodárska 
610 2 0 |a priemysel automobilový 
610 2 0 |a rozvoj hospodársky 
610 2 0 |a porovnanie medzinárodné 
610 2 0 |a údaje štatistické medzinárodné